Olivia Rodrigo song lyrics - No hints ! @15 - Statistics

General Stats
  • This quiz has been taken 152 times
    151 since last reset
  • The average score is 186 of 321
Answer Stats
Answer % Correct
I
98%
a
93%
you
87%
and
79%
And
79%
the
78%
go
76%
When
76%
when
76%
be
74%
me
73%
your
72%
my
69%
it
68%
It
68%
to
68%
that
67%
am
66%
I'm
66%
all
64%
But
64%
but
64%
You're
63%
what
62%
for
61%
Happy
60%
could
58%
dream
58%
teenage
58%
don't ?
57%
good ?
57%
good
57%
Got
57%
got
57%
if
57%
I'll
57%
just
57%
of
57%
they
57%
They
57%
gonna
54%
out
53%
say
53%
will
53%
Will
53%
birthday
52%
life
52%
sorry
52%
stop
52%
always
51%
being
51%
best
51%
only
51%
nineteen
49%
ahead
48%
more
48%
pretty
48%
start
48%
thing
48%
whole
48%
blow
47%
candles
47%
couldn't
47%
not
47%
age
46%
better
46%
gets
46%
Oh
46%
wise
46%
wise ?
46%
grow
45%
(Is
45%
parts
45%
Yeah
45%
years
45%
already
44%
are
43%
great
43%
guys ?
42%
have
42%
enough ?
41%
misunderstood?
41%
beyond
40%
cool
40%
young
40%
feel
39%
(Hi
39%
back ?
38%
fear
38%
quietly
38%
sad ?
37%
spend
33%
every
32%
wishing
32%
intentions
31%
lessons
31%
learning
30%
rest
30%
this
30%
call
29%
excuses
28%
reason
26%
affection
24%
everyone
24%
bluffs
22%
does
20%
wide-eyed
16%
Saoirse !)
7%
recording ?)
6%
No matching quizzes found
Score Distribution
Percent of People with Each Score
Percentile by Number Answered
Your Score History
You have not taken this quiz since the last reset